000 01265cam a22003737a 4500
003 CHAP
005 20220329142432.0
008 010131d2000 mx r 00110 spa d
010 _a83400
011 _a84372
020 _a997401463
035 _a94892
040 _cCHAP
082 0 4 _a301.35
_bA5
100 0 0 _aAmtmann, Carlos.
_95452
245 1 0 _a30 Años de sociología rural en América Latina
_c/por Carlos Amtmann, ... (et al.)
260 _aMontevideo, Uruguay :
_bAsociación Latinoamericana de Sociología Rural,
_c2000.
300 _a235p.
590 _aBATCH-UPD
_b10
_c20130110
_lUCH01
_h0016
590 _aBATCH-UPD
_b10
_c20130110
_lUCH01
_h0347
590 _aBATCH-UPD
_b10
_c20130110
_lUCH01
_h1931
590 _aBATCH-UPD
_b10
_c20130409
_lUCH01
_h1954
590 _aBATCH-UPD
_b10
_c20130410
_lUCH01
_h0434
590 _aBATCH-UPD
_b10
_c20130914
_lUCH01
_h0323
590 _aCONVERSION
_b10
_c20130109
_lUCH01
_h1346
650 1 4 _aAmerica Latina
_xCondiciones sociales.
_95395
650 1 4 _aSociología rural
_xAmérica Latina.
_9108218
700 0 _aBrumer, Anita.
_915765
700 0 _aChonchol, Jaques.
_922859
901 _aBK
905 _aEdna Luz
942 _cLIBRO
949 _a301.35 A5
_bBC
_cLIBRO
_d33724000815932
_eLIBRO
_h99547
_i94892
_si
999 _c83400
_d83400